| 000 | 00790cam a2200241 4500 | ||
|---|---|---|---|
| 008 | 090401t1991 xxu||||| |||| 00| 0 eng d | ||
| 020 | _a0115510826 | ||
| 035 | _a(Sirsi) u29543 | ||
| 041 | _aeng | ||
| 050 | _a625.72 | ||
| 110 |
_aDepartment of Transport _91172 |
||
| 245 | _aMethod of measurement for highway works. Addendum to the third edition (1987). | ||
| 260 |
_aLondon _bHMSO _c1991 |
||
| 300 | _a67p. ; 30cm. | ||
| 350 | _a6.7 | ||
| 650 | _aPROPERTY-INFRASTRUCTURE-TRANSPORT INFRASTRUCTURE-ROAD INFRASTRUCTURE | ||
| 690 | _aTRANSPORT AND COMMUNICATIONS | ||
| 710 |
_aScottish Office Industry Department _91522 |
||
| 710 |
_aUnited Kingdom _bWelsh Office _91214 |
||
| 710 |
_aDepartment of the Environment for Northern Ireland _9175 |
||
| 942 | _n0 | ||
| 948 | _c04/03/1997 | ||
| 999 |
_c89435 _d89435 |
||